Respuestas al informe consolidado N§ 1 de solicitud de aclaraciones, rectificaciones y-o ampliaciones a la declaración de impacto ambiental del proyecto: Modificación plan regulador comunal de Puchuncaví, Plan seccional Punta Chacarilla de Maitencillo. Addenda N§ 1

Zapisane w:
Opis bibliograficzny
Korporacja: INTRAT Consultores (Autor)
Format: Książka
Język:hiszpański
Wydane: Santiago INTRAT Consultores 2005
Hasła przedmiotowe:
Etykiety: Dodaj etykietę
Nie ma etykietki, Dołącz pierwszą etykiete!

MARC

LEADER 00000nam a2200000 a 4500
001 UCK9978
003 CL-VaPUC
008 060623e20050800CL |||||||||||||||||spa|d
082 0 4 |a 363.731  |b INT  |2 21 
110 2 |a INTRAT Consultores  |e author  |9 499958 
245 1 0 |a Respuestas al informe consolidado N§ 1 de solicitud de aclaraciones, rectificaciones y-o ampliaciones a la declaración de impacto ambiental del proyecto: Modificación plan regulador comunal de Puchuncaví, Plan seccional Punta Chacarilla de Maitencillo. Addenda N§ 1 
300 |a Pág. irreg 
942 |c BK 
945 |d 20060623 00:00:00  |a cmena 
260 |a Santiago  |b INTRAT Consultores  |c 2005 
500 |a Incluye anexos y planos 
600 0 7 |a ILUSTRE MUNICIPALIDAD DE PUCHUNCAVI  |2 CL-VaPUC  |9 499959 
650 0 |a Impacto ambiental  |9 262796 
650 0 |a Planificación urbana   |9 258176 
650 0 |a Contaminación ambiental  |9 314181 
650 0 |a Protección del medio ambiente  |9 257626 
583 |a last modification  |c 20060623 00:00:00  |k Rodrigo Vera 
999 |c 316976  |d 316974 
952 |0 0  |1 0  |4 0  |6 363_731000000000000_INT_2005  |7 0  |8 P  |9 392618  |a BIBING  |b BIBING  |d 2019-11-22  |i 4238087  |o 363.731 INT 2005  |p 4238087  |r 2025-01-20  |w 2019-11-22  |y BK  |k CCL 
952 |0 0  |1 0  |4 0  |6 363_731000000000000_INT_2005  |7 0  |8 P  |9 392619  |a BIBING  |b BIBING  |d 2019-11-22  |i 4239008  |o 363.731 INT 2005  |p 4239008  |r 2025-01-20  |w 2019-11-22  |y BK  |k CCL